OFT guidance on property sales (Record no. 114641)
[ view plain ]
| 000 -LEADER | |
|---|---|
| fixed length control field | 01588cad a22002295a 4500 |
| 001 - CONTROL NUMBER | |
| control field | L157182 |
| 008 - FIXED-LENGTH DATA ELEMENTS--GENERAL INFORMATION | |
| fixed length control field | 120914s2012 xxk f 000 0 eng d |
| 035 ## - SYSTEM CONTROL NUMBER | |
| System control number | (Sirsi) u157182 |
| 041 0# - LANGUAGE CODE | |
| Language code of text/sound track or separate title | eng |
| 110 2# - MAIN ENTRY--CORPORATE NAME | |
| Corporate name or jurisdiction name as entry element | Office of Fair Trading |
| 9 (RLIN) | 1355 |
| 245 00 - TITLE STATEMENT | |
| Title | OFT guidance on property sales |
| Remainder of title | Compliance with the Consumer Protection from Unfair Trading Regulations 2008 and the Business Protection from Misleading Marketing Regulations 2008 |
| Medium | [electronic resource] |
| 260 ## - PUBLICATION, DISTRIBUTION, ETC. | |
| Place of publication, distribution, etc. | London |
| Name of publisher, distributor, etc. | OFT |
| Date of publication, distribution, etc. | 2012 |
| 505 2# - FORMATTED CONTENTS NOTE | |
| Formatted contents note | Purpose and scope -- Executive summary -- Overview of the regulations -- The breaches -- Steps to help you comply with the regulations -- What happens if you don't comply with the regulations -- Selected other legislation and related guidance -- Redress schemes |
| 520 ## - SUMMARY, ETC. | |
| Summary, etc. | Explains OFT guidance to businesses involved in property sales to ensure compliance with the Consumer Protection from Unfair Trading Regulations 2008 and the Business Protection from Misleading Marketing Regulations 2008. Gives examples of breaches such as giving misleading information, failing to give unnecessary information to consumers, acting aggressively and banned practices. Offers advice on ensuring compliance. |
| 590 ## - LOCAL NOTE (RLIN) | |
| Local note | KA NTK |
| 650 24 - SUBJECT ADDED ENTRY--TOPICAL TERM | |
| Topical term or geographic name entry element | CONSUMER PROTECTION FROM UNFAIR TRADING REGULATION 2008 |
| 650 24 - SUBJECT ADDED ENTRY--TOPICAL TERM | |
| Topical term or geographic name entry element | BUSINESS PROTECTION FROM MISLEADING MARKETING REGULATIONS 2008 |
| 651 #4 - SUBJECT ADDED ENTRY--GEOGRAPHIC NAME | |
| Geographic name | United Kingdom |
| Chronological subdivision | |
| 690 ## - LOCAL SUBJECT ADDED ENTRY--TOPICAL TERM (OCLC, RLIN) | |
| Topical term or geographic name as entry element | Sales |
| 9 (RLIN) | 6269 |
| 856 40 - ELECTRONIC LOCATION AND ACCESS | |
| Uniform Resource Identifier | <a href="https://www.oft.gov.uk/shared_oft/estate-agents/OFT1364.pdf">https://www.oft.gov.uk/shared_oft/estate-agents/OFT1364.pdf</a> |
| Public note | View the item free of charge from the www.oft.gov.uk website. |
| 942 ## - ADDED ENTRY ELEMENTS (KOHA) | |
| Suppress in OPAC | 0 |
| Withdrawn status | Lost status | Source of classification or shelving scheme | Damaged status | Not for loan | Home library | Current library | Shelving location | Date acquired | Total Checkouts | Full call number | Barcode | Date last seen | Copy number | Price effective from | Koha item type |
|---|---|---|---|---|---|---|---|---|---|---|---|---|---|---|---|
| Dewey Decimal Classification | Virtual | Virtual | Online | 14/09/2012 | ONLINE PUBLICATION | 157182-2001 | 06/08/2019 | 1 | 06/08/2019 | Book |